Good and bad school plants in the United States as revealed by a nationwide school facilities survey, (Record no. 22211)

MARC details
000 -LEADER
fixed length control field 00979cam a22002411 4500
001 - CONTROL NUMBER
control field e 54000008
003 - CONTROL NUMBER IDENTIFIER
control field DLC
005 - DATE AND TIME OF LATEST TRANSACTION
control field 20260227111235.0
008 - FIXED-LENGTH DATA ELEMENTS--GENERAL INFORMATION
fixed length control field 780320s1954 dcua f000 0 eng
010 ## - LIBRARY OF CONGRESS CONTROL NUMBER
LC control number e 54000008
035 ## - SYSTEM CONTROL NUMBER
System control number (OCoLC)3734329
040 ## - CATALOGING SOURCE
Original cataloging agency DLC
Transcribing agency InWhC
Modifying agency InWhC
-- DLC
042 ## - AUTHENTICATION CODE
Authentication code premarc
050 00 - LIBRARY OF CONGRESS CALL NUMBER
Classification number LB3215
Item number .T3
082 ## - DEWEY DECIMAL CLASSIFICATION NUMBER
Classification number 371.62
100 1# - MAIN ENTRY--PERSONAL NAME
Personal name Taylor, James L.
245 10 - TITLE STATEMENT
Title Good and bad school plants in the United States as revealed by a nationwide school facilities survey,
Statement of responsibility, etc. prepared by James L. Taylor, assisted by James Woofter and other staff members of the School Housing Section, Division of State and Local School Systems.
260 ## - PUBLICATION, DISTRIBUTION, ETC.
Place of publication, distribution, etc. Washington,
Name of publisher, distributor, etc. U.S. Dept. of Health, Education, and Welfare, Office of Education
Date of publication, distribution, etc. [1954]
300 ## - PHYSICAL DESCRIPTION
Extent v, 77 p.
Other physical details illus.
Dimensions 20 x 26 cm.
410 10 - SERIES STATEMENT/ADDED ENTRY--CORPORATE NAME [OBSOLETE, CAN/MARC], [LOCAL, USA]
Corporate name or jurisdiction name as entry element United States.
Subordinate unit Office of Education.
Title of a work Special publication
Volume number/sequential designation no. 2
650 #0 - SUBJECT ADDED ENTRY--TOPICAL TERM
Topical term or geographic name entry element School buildings
Geographic subdivision United States.
740 0# - ADDED ENTRY--UNCONTROLLED RELATED/ANALYTICAL TITLE
Uncontrolled related/analytical title School facilities survey.

No items available.

Powered by Koha